|
|
|
|
| LEADER |
01054nam a2200265 a 4500 |
| 001 |
13276734 |
| 008 |
130323s2004 caua b 001 0 eng d |
| 010 |
|
|
|a 2003015926
|
| 020 |
|
|
|a 9780761908944
|
| 020 |
|
|
|a 0761908943 (alk. paper)
|
| 040 |
|
|
|a DLC
|c DLC
|d DLC
|d BD-DhAAL
|
| 082 |
0 |
0 |
|a 361.61072
|2 22
|
| 100 |
1 |
|
|a Rossi, Peter H.
|q (Peter Henry),
|d 1921-2006.
|
| 245 |
1 |
0 |
|a Evaluation :
|b a systematic approach /
|c Peter H. Rossi, Mark W. Lipsey, Howard E. Freeman.
|
| 250 |
|
|
|a 7th ed.
|
| 260 |
|
|
|a Thousand Oaks, CA :
|b Sage,
|c c2004.
|
| 300 |
|
|
|a x, 470 p. :
|b ill. ;
|c 24 cm.
|
| 504 |
|
|
|a Includes bibliographical references (p. 437-455) and indexes.
|
| 541 |
|
|
|e 00026730
|
| 650 |
|
0 |
|a Evaluation research (Social action programs)
|
| 700 |
1 |
|
|a Lipsey, Mark W.
|
| 700 |
1 |
|
|a Freeman, Howard E.
|
| 852 |
1 |
|
|a Ayesha Abed Library
|c General shelf.
|
| 999 |
|
|
|c 13262
|d 13262
|
| 952 |
|
|
|0 0
|1 0
|2 ddc
|4 0
|6 361_610720000000000_ROS
|7 0
|9 22090
|a JPGSPH
|b JPGSPH
|c GEN
|d 2013-03-24
|e Karim International
|g 8340.00
|l 0
|o 361.61072 ROS
|p 3060026730
|r 2013-03-24
|t 1
|w 2013-03-24
|y BK
|